000 00498nam a22001217a 4500
040 _cSK
082 _a591
100 _aសួន សុធឿន
245 _aParasitology and parasitic disease of domesticated animal in cambodia; ប៉ារ៉ាស៊ីតសាស្រ្ត​ និងជំងឺបង្កដោយប៉ារ៉ាស៊ីតចំពោះសត្វស្រុក នៅកម្ពុជា
260 _aRUA
_bសួន
_c1995
300 _a218p.
942 _cKB
999 _c9047
_d9047